000 00907nam a22002297a 4500
005 20200104041749.0
008 130704b ck ||||| |||| 00| 0 spa d
040 _aCO-BoIAVH
_cCO-BoIAVH
041 _aspa
044 _ack
082 1 6 _a570.861
_bH919b2
110 1 _aInstituto de Investigación de Recursos Biológicos Alexander von Humboldt
245 1 0 _aBiodiversidad para la paz:
_bPlan Institucional Cuatrienal de Investigación Ambiental PICIA 2015-2018
_ceditado por Rafael Gómez Rodríguez y Ricardo Carrillo Carrillo
260 _aBogotá, Colombia:
_bInstituto Humboldt,
_c2015.
300 _a84 páginas.
_c21 centímetros.
650 1 _aPolítica Ambiental
_xColombia
650 1 _aPlanes de gestión
650 _aBiodiversidad
700 1 _aCarrillo Carrillo, Ricardo
_eedición
700 1 _aGómez Rodríguez, Rafael
942 _2ddc
_cLIBRO
_06
999 _c18936
_d18936